Moonshot : (Record no. 4014)
[ view plain ]
| 000 -LEADER | |
|---|---|
| fixed length control field | 01442nam a22003257a 4500 |
| 001 - CONTROL NUMBER | |
| control field | 4014 |
| 003 - CONTROL NUMBER IDENTIFIER | |
| control field | FISKH |
| 005 - DATE AND TIME OF LATEST TRANSACTION | |
| control field | 20250828111320.0 |
| 008 - FIXED-LENGTH DATA ELEMENTS--GENERAL INFORMATION | |
| fixed length control field | 240531b cb ||||| |||| 00| 0 eng d |
| 010 ## - LIBRARY OF CONGRESS CONTROL NUMBER | |
| LC control number | 2016600583 |
| 020 ## - INTERNATIONAL STANDARD BOOK NUMBER | |
| International Standard Book Number | 1422968243 |
| 020 ## - INTERNATIONAL STANDARD BOOK NUMBER | |
| International Standard Book Number | 9780545496728 |
| 024 1# - OTHER STANDARD IDENTIFIER | |
| Standard number or code | 733961205671 |
| 040 ## - CATALOGING SOURCE | |
| Original cataloging agency | DLC |
| Transcribing agency | DLC |
| Description conventions | amim |
| Language of cataloging | eng |
| 050 ## - LIBRARY OF CONGRESS CALL NUMBER | |
| Classification number | TL789.U6 |
| 082 ## - DEWEY DECIMAL CLASSIFICATION NUMBER | |
| Classification number | 629.454 |
| 100 ## - MAIN ENTRY--PERSONAL NAME | |
| Personal name | Floca, Brian |
| 245 00 - TITLE STATEMENT | |
| Title | Moonshot : |
| Remainder of title | The flight of Apollo 11 / |
| Statement of responsibility, etc. | Brian Floca |
| 260 ## - PUBLICATION, DISTRIBUTION, ETC. | |
| Date of publication, distribution, etc. | New York : |
| Place of publication, distribution, etc. | Scholastic, |
| Name of publisher, distributor, etc. | 2009. |
| 300 ## - PHYSICAL DESCRIPTION | |
| Extent | 44 unnumbered pages : |
| Other physical details | color illustrations ; |
| Dimensions | 26 cm |
| 505 ## - FORMATTED CONTENTS NOTE | |
| Formatted contents note | P<br/> |
| 520 ## - SUMMARY, ETC. | |
| Summary, etc. | "Relive the breathtaking story of Apollo 11 and the first manned landing on the moon. Go aboard the rocket and on its eight-day round trip to outer space for a close-up look at one of the most stunning and courageous personal and technological achievements of man. Interlaced with original NASA footage. Covers the crew's earliest days at NASA to the moment when Neil Armstrong and Buzz Aldrin step on the moon. From home life and families, to the argument over who would be the first to walk on the lunar surface"--videodisc container. |
| 521 8# - TARGET AUDIENCE NOTE | |
| Target audience note | 650<br/> |
| Source | Lexile estimate <br/> |
| 521 8# - TARGET AUDIENCE NOTE | |
| Target audience note | P<br/> |
| Source | Raz-Plus <br/> |
| 650 ## - SUBJECT ADDED ENTRY--TOPICAL TERM | |
| Topical term or geographic name entry element | Apollo 11 |
| Form subdivision | Space |
| General subdivision | Astronauts |
| Chronological subdivision | History |
| 650 ## - SUBJECT ADDED ENTRY--TOPICAL TERM | |
| Topical term or geographic name entry element | Moon Landing |
| Form subdivision | Science |
| General subdivision | NASA |
| 906 ## - LOCAL DATA ELEMENT F, LDF (RLIN) | |
| a | 0 |
| b | cbc |
| c | orignew |
| d | u |
| e | ncip |
| f | 20 |
| g | y-movingim |
| 942 ## - ADDED ENTRY ELEMENTS (KOHA) | |
| Source of classification or shelving scheme | Dewey Decimal Classification |
| Koha item type | Books |
| Suppress in OPAC | No |
| Withdrawn status | Lost status | Source of classification or shelving scheme | Damaged status | Not for loan | Collection | Home library | Current library | Shelving location | Date acquired | Total Checkouts | Full call number | Barcode | Date last seen | Date last checked out | Price effective from | Koha item type | Copy number |
|---|---|---|---|---|---|---|---|---|---|---|---|---|---|---|---|---|---|
| Dewey Decimal Classification | Non-Fiction | Footprints International School Library Network Toul Kork Campus | Footprints International School Library Network Toul Kork Campus | TK Primary Library Room(4th Floor), Bookcase 5&6, Shelves 33-56, Orange Books | 05/31/2024 | 1 | FLO 629.454 TL789.U6 | FISBK06052 | 12/09/2024 | 09/09/2024 | 05/31/2024 | Books | |||||
| Dewey Decimal Classification | Non-Fiction | Footprints International School Library Network Toul Tom Poung Campus | Footprints International School Library Network Toul Tom Poung Campus | TTP Primary Orange Bookshelves | 08/28/2025 | FLO 629.454 TL789.U6 | FIS01905 | 08/28/2025 | 08/28/2025 | Books | 2 |
